We're all mad here : the no-nonsense guide to living with social anxiety

Bibliographic Details
Main Author: Eastham, Claire
Format: Book
Published: London : Jessica Kingsley Publishers , 2017
Subjects:

MARC

LEADER 00000cam a2200000 7i4500
001 0000218921
005 20180607.0
020 |a 9781785920820 
090 0 0 |a 616.85225   |b EAS 
100 1 |a Eastham, Claire 
245 1 0 |a We're all mad here :   |b the no-nonsense guide to living with social anxiety   |c Claire Eastham 
260 |a London :   |b Jessica Kingsley Publishers ,   |c 2017 
300 |a 197p. ;   |c 20cm. 
650 0 |a Anxiety 
650 0 |a Anxiety   |x Treatment 
650 0 |a Social phobia 
650 0 |a Social phobia   |x Treatment 
999 |a 00351481   |b BUKU   |c PINJAMAN   |e PERPUSTAKAAN KOMUNITI PETALING JAYA 
999 |a 00369649   |b BUKU   |c PINJAMAN   |e PERPUSTAKAAN KOMUNITI PETALING JAYA